[Event "Olympiad-34"]
[Site "Istanbul"]
[Date "2000.11.06"]
[Round "9.2"]
[White "Olafsson, Helgi"]
[Black "Short, Nigel D"]
[Result "1/2-1/2"]
[WhiteElo "2478"]
[BlackElo "2677"]
[Annotator "Rabinovich,Al"]
[PlyCount "76"]
[EventDate "2000.10.28"]
[EventType "team-swiss"]
[EventRounds "14"]
[EventCountry "TUR"]
[SourceTitle "EXT 2001"]
[Source "ChessBase"]
[SourceDate "2000.11.22"]
[SourceVersion "1"]
[SourceVersionDate "2000.11.22"]
[SourceQuality "1"]
[WhiteTeam "Iceland"]
[BlackTeam "England"]
[WhiteTeamCountry "ISL"]
[BlackTeamCountry "ENG"]

1. d4 e6 2. Nf3 Nf6 3. c4 b6 4. g3 Ba6 5. b3 Bb4+ (5... Bb7 6. Bg2 Bb4+ 7. Bd2
c5 (7... a5 8. O-O O-O 9. Qc2 d6 10. Nc3 Nbd7 11. Rfe1 Bxc3 12. Bxc3 Be4 13.
Qb2 a4 14. Bf1 c5 15. Nd2 Bb7 16. b4 a3 17. Qb3 cxd4 18. Bxd4 e5 19. Be3 Qc7
20. Rac1 Qc6 21. f3 Qa4 22. Qb1 d5 $15 {0-1 Topalov,V-Adams,M/Frankfurt GER
2000/The Week in Chess 294 (65)}) 8. Bxb4 cxb4 9. O-O O-O 10. Nbd2 d6 11. Qc2
Nc6 12. e4 e5 13. d5 Nb8 14. a3 bxa3 15. b4 $44 {1-0 Shariyazdanov,A-Baklan,V/
Neum BIH 2000/The Week in Chess 308 (43)}) (5... b5 6. cxb5 Bxb5 7. Bg2 d5 (
7... Bb4+ 8. Bd2 a5 9. O-O O-O 10. a3 Be7 11. Nc3 Bc6 12. Qc2 d5 13. Ne5 Bb7
14. Na4 Nfd7 15. Nd3 Bc6 16. Nac5 Nxc5 17. Nxc5 $14 {[%csl Rc7] 1-0 Tkachiev,
V-Nisipeanu,L/Naujac-sur-Mer FRA 2000/The Week in Chess 303 (28)}) 8. O-O Nbd7
9. Nc3 Ba6 10. Na4 Bd6 11. Bb2 Bb5 12. Nc3 Ba6 13. Rc1 O-O 14. Na4 Qe7 15. Qc2
$14 {[%csl Rc7] 1/2-1/2 Lputian,S-Gelashvili,T/Yerevan ARM 2000/The Week in
Chess 292 (58)}) 6. Bd2 Bxd2+ 7. Qxd2 c6 8. Bg2 (8. Nc3 $5 d5 9. e4 dxe4 10.
Ng5 Nbd7 (10... c5 11. dxc5 $6 (11. Bg2 $1 Bb7 12. Ncxe4 Nxe4 13. Nxe4 $14)
11... Qxd2+ 12. Kxd2 Bb7 $15 {[%cal Ge4e3,Gb7h1]}) 11. Bg2 O-O 12. Ngxe4 Qc7
13. O-O Rad8 14. Rfe1 Bb7 15. Rad1 Qb8 16. Qe3 {[%cal Gc4c5,Ge4d6]} h6 17. f4
$36 {[%cal Gf4f5] 1-0 Sorin,A-Soppe,G/Villa Martelli 1998/EXT 99 (37)
Preventing e5 and gaining some attacking  ideas.}) (8. Qf4 {[%cal Gf4d6] Very
interesting idea! White pushes e4 before developing the B and castling.Usually
white Q takes the place on c2 ,from where she helps promoting e4.The advantage
of the Q on f4 is: possible chances to attack the kingside.} d5 9. Nbd2 Nbd7
10. e4 dxe4 11. Nxe4 Nxe4 12. Qxe4 Rc8 13. Be2 O-O 14. O-O c5 15. Rad1 Qc7 16.
dxc5 {1/2-1/2 Morovic Fernandez,I-Miles,A/Havana 1999/CBM 71 (16)}) 8... d5 9.
O-O O-O 10. Rc1 (10. Qb4 $6 Bb7 11. Nc3 c5 {1/2-1/2 Podgaets,M-Roeder,M/Havana
1999/CBM 70 ext (15)} 12. dxc5 Na6 $11) 10... Nbd7 {[%cal Gc6c5]} 11. cxd5 (11.
Qb2 {I think this move gives better chances to get something from the opening.}
Qe7 12. Nbd2 c5 13. dxc5 bxc5 14. Ne5 Nxe5 15. Qxe5 Nd7 16. Qc3 {[%cal Gc3a5]}
Bb7 17. Qa5 {[%csl Ra7,Rc5]} Qd8 18. Qxd8 Rfxd8 19. cxd5 Bxd5 20. Ne4 $14 {
1/2-1/2 Damljanovic,B-Adams,M/Palma de Mallorca 1989/TD (48)}) 11... cxd5 12.
Nc3 Rc8 13. Rc2 {White got absolutly nothing from the opening.I would say even
more, black position looks a bit nicer because: 1.black squares on white
queenside are weak 2.White will have to spend time to return the B into the
game.} Qe7 {[%cal Ge7a3]} 14. Rac1 Rfd8 15. Qf4 Qf8 $11 16. Bf1 (16. Ne5 Nxe5
17. dxe5 Nd7 18. Qa4 Nc5 19. Qa3 {[%cal Gb3b4]} d4 20. b4 (20. Ne4 d3 21. exd3
Bxd3 22. Rc3 Bxe4 23. Bxe4 a5 $11) 20... Nd3 21. exd3 Bxd3 22. Rd2 dxc3 23.
Rxc3 Bc4 $11) 16... Nh5 17. Qd2 Nhf6 {Saving time for the time pressure and
checking white's opinion about draw.} 18. Qf4 Ne8 19. Ne5 (19. Qh4 $5) 19...
Nxe5 20. dxe5 d4 (20... Rc5 21. b4 Rc4 $6 (21... Rc7 22. b5 Bb7 23. Bg2 Rdc8
24. Qa4 Ra8 $11 {[%cal Gc7c4]}) 22. e4 $16 {[%cal Gf1c4,Gc4a6]}) 21. Ne4 Rxc2
22. Rxc2 h6 {Good and nesassary move.Preventing Ng5 in the future and giving
the K some air.} 23. h4 Qe7 24. Rd2 Qc7 25. Bg2 f5 {This move transmits the
game into drawn ending.} 26. exf6 Qxf4 27. gxf4 Nxf6 28. Nxf6+ gxf6 29. Be4 Kf7
30. Rc2 Rc8 (30... Ke7 31. Rc7+ Rd7 32. Rxd7+ Kxd7 33. Kf1 {[%cal Gf1e1,Ge1d2,
Ge2e3]} Kd6 34. b4 Bc4 35. a3 $11) 31. Rxc8 Bxc8 32. e3 dxe3 (32... e5 {
The last try to avoid immidiat draw,but it hard to believe it would change the
score of the game.}) 33. fxe3 a5 {The last moves don't change anything.The
position is complitely equal.} 34. a3 Ke7 35. Kf2 Kd6 36. b4 axb4 37. axb4 Bd7
38. Ke2 e5 1/2-1/2

[Event "RUS-ch 54th"]
[Site "Elista"]
[Date "2001.05.04"]
[Round "5"]
[White "Pushkov, Nikolai"]
[Black "Loginov, Valery A"]
[Result "1-0"]
[WhiteElo "2561"]
[BlackElo "2499"]
[Annotator "Rabinovich,Al"]
[PlyCount "107"]
[EventDate "2001.04.29"]
[EventType "swiss"]
[EventRounds "9"]
[EventCountry "RUS"]
[SourceTitle "CBM 083"]
[Source "ChessBase"]
[SourceDate "2001.07.05"]
[SourceVersion "1"]
[SourceVersionDate "2001.07.05"]
[SourceQuality "1"]

{[%mdl 16384]} 1. d4 {[%mdl 16392]} Nf6 2. c4 e6 3. Nf3 b6 4. g3 Ba6 5. b3 Bb4+
{Also possible 6...b5,6...Bb7.} (5... d5 $5 6. Bg2 dxc4 7. Ne5 Bb4+ 8. Kf1 Bd6
$13) 6. Bd2 Be7 7. Bg2 d5 {This line becomes more and more popular.The line 7..
.c6 followed by d5 was the main subject for discution.The move in the text
doesn't promise us any taktical buttles or many complicated variations,but
from strategical point of view those positions are full of life.} 8. cxd5 (8.
Ne5 $5) 8... exd5 9. O-O O-O 10. Ne5 (10. Nc3 Bb7 11. Rc1 (11. Bc1 $5 {[%cal
Gc1b2,Gf3e5]}) 11... Na6 12. Ne5 Re8 13. Bg5 Ne4 14. Bxe7 Qxe7 15. e3 c5 16.
Nd3 cxd4 17. exd4 Rac8 18. Nb5 Rxc1 19. Qxc1 Nb4 20. Bxe4 dxe4 21. Nxb4 Qxb4
22. Qc7 Qxb5 23. Qxb7 Qb4 24. Qd7 Qe7 25. Qxe7 Rxe7 {1/2-1/2 Gyimesi,Z-Farago,
I/Lillafured 1999/CBM 70 (25)}) 10... Ne4 $5 $146 {[%mdl 8] The normal
reaction after 10.Ne5 is Bb7 protecting the c6-square and then developming the
Nb8.Another possibility for black is Qc8 and then c5.The move in the text is
also interesting.It doesn't change the character of the position,the Ne4 will
be probably exchanged on the one on d2.} 11. Be3 {The B is placed good here
against c5 in the future.} Bb7 12. Qc2 (12. Nd2 $6 Nc3 13. Qc2 (13. Qe1 Re8 14.
Ndf3 Ne4 $11) 13... Nxe2+ 14. Kh1 c5 15. dxc5 bxc5 16. Bxc5 Qc7 17. Nd3 Na6 18.
b4 Nxb4 19. Nxb4 Qxc5 $17) 12... Bf6 13. Nd2 Nxd2 14. Qxd2 Nd7 15. Nd3 $14 {
[%cal Ga1c1,Gc1c2,Gf1c1] The opening is over and we can see that white is
slightly better.White game is on Q-side against c7-P. On the other hand black
has very flexble structure and it is really hard to break it.} Re8 16. Rac1 Nf8
17. Rc2 a5 {Black after c6 doesn't want to let white to play b4,a4 and to fix
black pawn structure on Q-side.} 18. h4 Ne6 {[%cal Ge6d4]} 19. Nf4 c6 20. Nxe6
Rxe6 21. Bg5 {White wants to exchange one pare of bishops and then to begin
his game on the Q-side} Bxg5 22. Qxg5 Qd6 (22... Qxg5 23. hxg5 Rae8 24. e3 Rg6
25. b4 $8 a4 26. Bh3 {[%csl Gd7]} Rd8 27. f4 $14) 23. Rfc1 Rae8 24. e3 h6 25.
Qg4 {[%cal Gg2f1,Gf1d3]} Rf6 {It seems like black almost equalized,but now he
is choosing the wrong plan.It was unnessasary to weaken the K-side.} 26. Qe2 g5
$2 (26... Rfe6 $142) 27. hxg5 hxg5 28. Qg4 Rg6 29. e4 $1 {Now black begins to
feel uncomfortable.} Bc8 (29... Qe6 30. Qxe6 Rgxe6 31. exd5 cxd5 32. Rc7 Ba8
33. Bf3 {[%csl Ra8,Rd5][%cal Gg1g2] With good chances for win.}) 30. Qh5 $1 $16
{[%csl Rc6,Rg5,Rg8]} dxe4 (30... Bd7 31. exd5 cxd5 32. Rc7 $36 {[%csl Rg8]})
31. Rxc6 Qxc6 32. Rxc6 Rxc6 33. Qxg5+ Kf8 34. Qh4 $16 f5 $8 (34... Bf5 35. d5
Rc1+ 36. Bf1 $18 {[%cal Gh4h8,Gh8e5,Gh4h6,Gh6c1,Ge5f5]}) 35. d5 $6 (35. Bf1 $1
{[%csl Rf8][%cal Gf1c4]}) 35... Rg6 36. Bh3 {[%csl Rf5]} Kg7 37. Qf4 $1 {
Good profylactic move.Avoiding unneeded complications in the future with black
pushing the f-P.} Rf6 38. Bf1 {[%cal Gf1c4,Gd5d6]} Kg6 39. Bc4 Bd7 {[%cal
Gb6b5] If only black could change the bishops the result of the game would
stayed unclear,but now white is collecting black pawns and black is helpless.}
40. Qc7 $18 Rf7 (40... Re7 41. Bb5 $18) 41. Qxb6+ Kg5 42. Qxa5 Rh7 {Black is
doubling his rooks on h-file in reason to get some counterplay.Of course it
can't be powerfull since only two pieces involve in the attack,white K easily
escapes the dangerous zone and the pawns do the job.} 43. Qd2+ Kg6 44. Qf4 Reh8
45. Kf1 Rh1+ 46. Ke2 R8h7 {Black could have resigned now.He is just hopeless
against white pushing the pawns.} 47. Kd2 Be8 48. a4 (48. Qd6+ $1 Kf7 (48...
Kg5 49. Qd8+) 49. Qe6+ Kf8 50. d6 {[%cal Ge6g8,Ge6f5] Was winning immediatly!})
48... Kf6 49. a5 (49. Qd6+ $1) 49... Bh5 50. a6 Bf3 51. Qd6+ Kg5 52. Qd8+ Kg6
53. Ke3 (53. a7 Rxa7 54. Qb6+ $18) 53... f4+ 54. gxf4 1-0

[Event "YUG-ch 56th"]
[Site "Herceg Novi"]
[Date "2001.03.25"]
[Round "3"]
[White "Ilincic, Zlatko"]
[Black "Damljanovic, Branko"]
[Result "0-1"]
[WhiteElo "2542"]
[BlackElo "2561"]
[Annotator "Rabinovich,Al"]
[PlyCount "84"]
[EventDate "2001.03.23"]
[EventType "tourn"]
[EventRounds "15"]
[EventCountry "YUG"]
[EventCategory "10"]
[SourceTitle "CBM 083"]
[Source "ChessBase"]
[SourceDate "2001.07.05"]
[SourceVersion "1"]
[SourceVersionDate "2001.07.05"]
[SourceQuality "1"]

1. d4 {Avrukh,B: Dokhoian} Nf6 2. c4 e6 3. Nf3 b6 4. g3 Ba6 5. b3 d5 $5 {
Damljanovic played 3 times this line in currient tournament.This was the first
of them.In the 7 round in the event he played against Antic,who showed a very
good understanding of the position and won the game.} ({Another possibilities
for black:} 5... b5 6. cxb5 Bxb5 7. Bg2 $14) (5... Bb4+ 6. Bd2 Be7 7. Bg2 c6 8.
O-O d5 {This line is more fashionable this days.}) (5... Bb7 6. Bg2 Bb4+ 7. Bd2
Qe7 (7... c5) (7... Be7)) 6. cxd5 (6. Bg2 $5 {The most interesting
continuation,which defenetly deserves more attantion.} dxc4 $6 7. Ne5 Bb4+ 8.
Kf1 Bd6 9. Nxc4 Nd5 10. e4 Ne7 11. Bb2 (11. Bf3 $6 Nbc6 12. Kg2 Bxc4 13. bxc4
e5 14. d5 Nd4 15. Be3 c5 {and black was O.K. 0-1 Jasnikowski,Z-Lau,R/Polanica
Zdroj 1986 (37)}) (11. e5 $2 Bxe5 12. Bxa8 Qxd4 13. Qxd4 Bxd4 14. Nc3 Bxc3 15.
Rb1 c6 $17) 11... Nbc6 12. Nbd2 O-O (12... e5 13. d5 Na5 (13... Nd4 $5 14. Nf3
c5 15. Kg1 Bxc4 16. bxc4 O-O 17. h4 Nc8 18. Bh3 Re8 19. Kg2 Bf8 20. Rc1 Nd6 $13
{[%csl Gd4,Gd6] 0-1 Huzman,A-Kasparov,G/Tel Aviv 1998/CBM 65 (42)}) 14. Kg1
Nxc4 15. Nxc4 Bxc4 16. bxc4 O-O 17. Bh3 f5 18. Kg2 $16 {Kasparov-V.Atlas 1996})
13. Kg1 $14 {1-0 Kasparov,G-Gelfand,B/Novgorod 1997/CBM 60/[Avrukh,B] (37)})
6... exd5 7. Bg5 $6 $146 {Very dubious noveltyThis is not the best place for
the bishop in this setup.White already here was ready to take on f6 at some
moment,what really can't give him advantage.Simple 7.Bg2 was better.} Bb4+ 8.
Nbd2 O-O 9. e3 {Nessasary move.} (9. Bg2 Re8 $36 {[%csl Re1] White already
faces some problems with development.}) 9... Bb7 (9... Bxf1 10. Kxf1 Nbd7 11.
Kg2 h6 12. Bxf6 Qxf6 13. a3 Bxd2 $11) 10. Bg2 Be7 (10... Ba6 $5) 11. O-O Na6 {
White knights are not attacking d5,so black can develop the knight on a6,from
where it will support pushing c5.} 12. Ne5 c5 $11 {Black easily equalized.
White should be carrefull not to enter a worse position now,since black will
have two bishops soon.} 13. Bxf6 {Why not to wait for h6?} (13. Qf3 h6 14. Bxf6
Bxf6 15. Ng4 Be7 $13) 13... Bxf6 14. Ndf3 g6 {[%cal Gh8b2]} 15. Rc1 Rc8 16. Qd2
Qe7 17. Rfd1 Rfd8 $15 {I think that black chances are already better.It is
hard for white to find some active plan,while black will improve his N and
then may be will open the center.} 18. h4 Nb4 19. Qb2 a5 20. a3 Nc6 21. Nd3
cxd4 $6 (21... Bg7 $5 22. Nf4 b5 $15 {[%cal Gc5c4]}) 22. exd4 Qd6 {[%cal Gc6e7,
Ge7f5]} 23. Nfe5 Ne7 24. b4 $132 axb4 25. axb4 Rxc1 (25... Nf5 26. Rxc8 Bxc8 (
26... Rxc8 27. Bh3 $14) 27. b5 $14 {[%cal Gd3b4,Gb4c6,Gd1a1,Ga1a7]}) 26. Rxc1
Rc8 27. Ra1 $11 Nc6 (27... Ra8 28. Rxa8+ Bxa8 29. b5 $14 {[%cal Gb2a2]}) 28. f4
Rc7 {[%cal Gb7c8,Gc8f5]} 29. Bh3 {Important move.Not letting black to bring
the B to the game .} Kg7 (29... Bc8 30. Ra8 Ne7 31. b5 Kg7 $15) 30. h5 $6 {
Really unnessasary move.White is giving up the pawn,without getting any
compensation.} (30. Rc1 $11 {Holding the pressure in the center.}) 30... gxh5
31. b5 Ne7 (31... Na5 $5 {[%cal Ga5c4]}) 32. Kh2 Bxe5 $6 (32... Bc8 33. Bxc8
Rxc8 34. Qe2 Bxe5 35. Nxe5 f6 36. Nd3 Kh6 $17 {[%cal Gc8c3,Ge7f5]}) 33. Nxe5 (
33. dxe5 $142 $1 Qg6 34. e6+ f6 35. Qd4 $1 $132 Rc2+ {[%cal Gc2d2]} (35... Qe4
$5 36. Qxe4 dxe4 37. Nb4 {With good chances for surviving for white.}) 36. Nf2
{[%cal Ga1a7] And white is O.K}) 33... f6 34. Nf3 Bc8 $1 {Black finally
exchanges his bad bishop.} 35. Bxc8 Rxc8 36. Ra7 (36. Qe2 $142 {It is better
for white to leave the rooks in the game.}) 36... Rc7 37. Rxc7 Qxc7 $17 38. Qe2
(38. Nh4 Qc4 $17 {[%cal Gc4d3]}) 38... Nf5 $17 39. Qe6 $6 (39. Kg2 $17) 39...
Qc2+ {Now black is winning by force.} 40. Kh3 Qe4 $19 41. Qd7+ (41. Qxe4 dxe4
42. Nd2 e3 43. Nf3 e2 44. d5 Nd4 45. Ne1 Nxb5 $19) 41... Kg6 42. Nh4+ (42. Nh2
Qe1 $19 {[%csl Rg3]}) 42... Nxh4 {White resigned here,since after 43.Kh4 black
could have played 43...Qh1+ exchanging the queens and easily winning the
Pending.The same after 43.gh4 Qf5+.} 0-1

[Event "Corus"]
[Site "Wijk aan Zee"]
[Date "2001.01.14"]
[Round "2"]
[White "Topalov, Veselin"]
[Black "Piket, Jeroen"]
[Result "1-0"]
[WhiteElo "2718"]
[BlackElo "2632"]
[Annotator "Rabinovich,Al"]
[PlyCount "115"]
[EventDate "2001.01.13"]
[EventType "tourn"]
[EventRounds "13"]
[EventCountry "NED"]
[EventCategory "19"]
[SourceTitle "CBM 081"]
[Source "ChessBase"]
[SourceDate "2001.03.20"]
[SourceVersion "1"]
[SourceVersionDate "2001.03.20"]
[SourceQuality "1"]

1. d4 Nf6 2. c4 e6 3. Nf3 b6 4. g3 Ba6 5. b3 Bb7 (5... b5 6. cxb5 Bxb5 7. Bg2
Bb4+ 8. Bd2 a5 9. O-O O-O 10. a3 Be7 11. Nc3 Bc6 12. Qc2 {[%cal Ge2e4]} d5 13.
Ne5 Bb7 14. Na4 {[%cal Ga4c5]} Nfd7 15. Nd3 Bc6 16. Nac5 Nxc5 17. Nxc5 Ra7 18.
Rfc1 Bb5 19. e3 Nd7 20. a4 Be2 21. Bxa5 $16 {1-0 Tkachiev,V-Nisipeanu,L/
Naujac-sur-Mer FRA 2000/The Week in Chess 303 (28)}) (5... Bb4+ 6. Bd2 Be7 7.
Bg2 c6 8. Bc3 d5 9. Nbd2 Nbd7 10. O-O O-O 11. Re1 c5 12. e4 dxe4 13. Nxe4 Bb7
14. Nfg5 cxd4 15. Bxd4 Qc7 16. Nxf6+ Bxf6 17. Bxb7 Qxb7 18. Qf3 $11 {1/2-1/2
Gyimesi,Z-Almasi,Z/Budapest HUN 2000/The Week in Chess 310 (37)}) 6. Bg2 Bb4+
7. Bd2 a5 (7... c5 8. Bxb4 cxb4 9. O-O O-O 10. Nbd2 d6 11. Qc2 Nc6 12. e4 e5
13. d5 Nb8 14. a3 bxa3 15. b4 a5 16. c5 $36 {1-0 Shariyazdanov,A-Baklan,V/Neum
BIH 2000/The Week in Chess 308 (43)}) 8. O-O O-O 9. Qc2 d6 10. Bc3 d5 {[%mdl 8]
A new idea played by black.The popular continuation here is 11...Nbd7 12.a3
Bc3 with interesting continuations.White mostly pushes e4,trying to gain some
space advantage in the center,while black has a solid and hard to break
position,playing on queenside.The move played in the game doesn't let white to
play e4,but now the pawn on c7 will be in ganger after c-file will be opened.}
11. a3 Bd6 (11... Bxc3 12. Nxc3 Nbd7 $14 {With small but a long range
advantage.White can prepare by 13.Rfc1 pressure on c7 pawn or to exchange on
d5 and to play b4,both cases white has a slightly better position.}) 12. Bb2
Nbd7 13. Nc3 {[%csl Rc7,Rd6][%cal Gc3b5]} Re8 (13... dxc4 14. bxc4 e5 15. dxe5
Nxe5 16. Nxe5 Bxg2 17. Nxf7 Rxf7 18. Kxg2 $16) (13... c5 $5 {It should be one
of the ideas in this position,why not to play it now?After white will place
the R on d1 it will be tough to play c5.Here can arise position with two
hanging pawns and black will get good counterplay.} 14. Nb5 Be7 15. dxc5 dxc4
16. bxc4 Nxc5 17. Rad1 $11) 14. Rfd1 {Playing against both c5 and e5.Good
profilactic move.} Qb8 (14... c6 15. e4 dxe4 16. Nxe4 Nxe4 17. Qxe4 Nf6 18. Qe3
$14) 15. Nb5 $14 {Now white gets a better position.Black can't avoid
exchanging his dark square B .Black sacrafises a pawn,trying to find some
fortune on the queenside.} a4 (15... Bf8 {Trying to save the B,can be
dangerous,because of 16.Bc1. B goes to f4 from where he will attack
already"feeling scared" c7 pawn.} 16. cxd5 (16. Bc1 $5 $14 {[%cal Gc1f4,Gf4c7]}
) 16... exd5 $11 {[%cal Ge8e2,Gc7c6]}) 16. bxa4 dxc4 17. Nd2 (17. Qxc4 Bd5 18.
Qc2 Be4 19. Qd2 Rxa4 20. Nxd6 cxd6 {Black is fine.}) 17... Bxg2 18. Kxg2 Qb7+
19. f3 {[%cal Gd2c4,Ge2e4] White is better.In addition to extra pawn,white
knights are taking good places and sometime white will also like to advance
the e4.} Rec8 20. Nxc4 Bf8 21. Rac1 $1 {e4 can wait,important to bring the
second R in the game.} Qa6 {[%csl Ra4] It will be hard for black to win the a4
pawn,since white always will play Ncd6 and win the c7 pawn.} 22. e4 c6 $6 {
May be it was better just to play 22...Be7 not to rush.After the move in the
game,black prepared to sacrafise an exchange ,but he doesn't get enough
compensation for the sacrafised material.} (22... Be7 $5 23. Ne5 Nxe5 24. dxe5
Ne8 25. Rd7 Bc5 {White has to do a lot of work to prove that this extra pawn
is enough for win.}) 23. Ncd6 cxb5 $6 {Of course 23...Bd6 was better,but black
already prepared the sacrafise....} (23... Bxd6 24. Nxd6 Rd8 25. Rd2 $16 (25.
Qxc6 $2 Qe2+)) 24. Nxc8 b4 (24... bxa4 {[%cal Ga8c8,Ga6e2]} 25. Rd2 $18) 25.
Qc4 (25. axb4 {Could give black some surviving chances.} Rxc8 26. Qxc8 Qe2+ 27.
Kh3 Qxb2 (27... Qxf3 $1 28. Qc2 Nxe4 29. Rf1 Ng5+ 30. Kh4 Qe3 {[%cal Gg5f3,
Gf8e7]} 31. Qf2 $6 Nf3+ $3 32. Qxf3 (32. Kh3 Ng5+ 33. Kh4 $11) 32... Qh6+ 33.
Kg4 f5+ $19) 28. e5 $18) 25... bxa3 (25... Qxa4 26. axb4 $18) 26. Qxa6 {
Without the queens it easier to bring the N in the game.} Rxa6 27. Ba1 Rxa4 28.
d5 {[%cal Gd5d6] White must promote the d-pawn as much as possible,so black
pieces won't be able to concentrate on pushing the pawns on queenside.} Bc5 29.
dxe6 (29. Bxf6 $1 {Was winning immideatly.} Nxf6 (29... gxf6 30. dxe6 fxe6 31.
Rxd7 a2 32. Ra1 b5 33. Ne7+ Kf8 34. Nc6 b4 35. Rb7 $18) 30. Nxb6 Ra5 31. e5 $18
) 29... fxe6 30. Nd6 {White has brought his N to the game,but the position is
not simple .Black has stronge pawn on a2 and white must pay attantion not to
let black to push the b-pawn.} h5 31. Nb7 Ra7 32. Nd8 $6 (32. Nxc5 Nxc5 {
[%cal Gf6d7]} 33. Bxf6 gxf6 34. Rc3 {[%cal Gd1a1] Winning the a-pawn.}) 32...
Nf8 33. Nc6 Rb7 (33... Rc7 34. Nd4 $16 {[%cal Gd4b5,Ge4e5]}) 34. Rd3 N6d7 35.
Rb3 Rc7 36. Nb4 {[%cal Gb4c2,Gb4a6]} Ra7 37. Nc2 e5 (37... a2 38. Bb2 {[%cal
Gc1a1,Gb2a3,Ga1a2]}) 38. Bc3 $1 {[%cal Gc1a1] Finally white is winning the
a-pawn,after what the way to win is easier.} Ne6 39. Ra1 Nd4 40. Bxd4 exd4 41.
Nxa3 Ne5 42. f4 Nc4 43. Nc2 {[%cal Ge4e6,Gf4f5] White's position is won.The
plan is to bring the king to the center,activate the rooks and watch the black
d-pawn and be aware of any tricks.} Rd7 {[%cal Gd4d3]} 44. Rd1 Ra7 {[%cal
Ga7a2]} 45. Kh3 {[%cal Gc2d4]} Nd6 46. e5 Ne4 47. Rxd4 {White transfers the
ending to one without any counter chances for black.Pawn on b6 won't influence
anything.White king will enter the center and e and f pawns will win the game.}
Nf2+ (47... Bxd4 48. Nxd4 $18 {[%cal Gb3b6,Gh3h4]}) 48. Kg2 Bxd4 49. Nxd4 Ra2
50. Kf3 Ng4 51. h3 Nh2+ {Black is looking for tricks,but white carefully rids
of any complications and brings the K to the center.The rest is simple,black
doesn't want to put passivly the R on a6 to protect the b-pawn,trying to
attack white pawns on kingside.White R+Kplaced good enough to protect the
pawns and game ends in few moves.} 52. Ke4 Nf1 53. Kf5 Rg2 54. g4 hxg4 55. hxg4
g6+ 56. Kxg6 Rxg4+ 57. Kf5 Rg7 {The last trick.} 58. e6 (58. Rxb6 $4 Ng3+ $11
59. Kf6 (59. Ke6 $4 Rg6+ $19) 59... Nh5+ 60. Kf5 Ng3+) 1-0